000 00600nam a22001697a 4500
003 LK-CoDNM
005 20251108125351.0
008 251108b |||||||| |||| 00| 0 eng d
020 _a978955173513
040 _aLK-CoDNM
_dLK-CoDNM
_eLK-CoDNM
080 _a902
_bDSIL
100 _aද දිල්වා,රාජා
_vකිංස්ලි කුරුකුලසූරිය
245 _aඅතීතය සෙවීම සඳහා කැණීම් පුරාවිද්‍යාත්මක රචනා
260 _anugegoda
_bsarasawi
_c2013
300 _a154p,29.5cm
942 _cBK
999 _c240329
_d240329